000 01082cam a2200313 a 4500
001 873
005 20240326113330.0
020 _a0439435366
040 _aDLC
_cDLC
_dDLC
_beng
050 0 0 _aPZ7.C6837
_bGr 2005
082 0 0 _a[Fic]
_221
100 1 _aCollins, Suzanne
245 1 0 _aGregor the Overlander /
_cSuzanne Collins.
250 _a1st ed.
260 _aNew York :
_bScholastic Press,
_c2005.
300 _a245 pages :
_c21 cm.
490 _3The Underland Chronicles
_vBook 1
500 _aSequel: Gregor and the prophecy of Bane.
505 _aR
520 _aWhen eleven-year-old Gregor and his two-year-old sister are pulled into a strange underground world, they trigger an epic battle involving men, bats, rats, cockroaches, and spiders while on a quest foretold by ancient prophecy.
521 _a690
_bLexile
521 _aR
_bRaz-Plus
650 1 _aSiblings
_vFiction.
650 1 _aAnimals
_vFiction.
650 1 _aMissing persons
_vFiction.
650 1 _aFantasy.
906 _a7
_bcbc
_corignew
_d1
_eecip
_f20
_gy-gencatlg
942 _2ddc
_cBK
_n0
999 _c873
_d873